| 000 | 00424nam a2200157Ia 4500 | ||
|---|---|---|---|
| 005 | 20250423095850.0 | ||
| 008 | 250422s9999 xx 000 0 und d | ||
| 020 | _a978-0-19-921633-8 | ||
| 050 | _aQH 353 .I5827/ | ||
| 245 | 0 | _aInvasive species management : a handbook of principles and techniques | |
| 260 | _aOxford ; New York | ||
| 260 | _bOxford University Press | ||
| 260 | _c2009 | ||
| 300 | _a308 p | ||
| 942 | _cBK | ||
| 999 |
_c31564 _d31564 |
||